|
|
|
|
| LEADER |
01256nam a2200265 i 4500 |
| 001 |
10020616 |
| 003 |
GR-PaULI |
| 005 |
20210428175059.0 |
| 008 |
990226s1994 us a g 0 gre d |
| 020 |
|
|
|a 026202375X
|
| 040 |
|
|
|a GR-PaULI
|b gre
|c GR-PaULI
|e AACR2
|
| 082 |
0 |
4 |
|2 23
|a 331.21
|
| 100 |
1 |
|
|a Blanchflower, David G.
|9 144813
|e συγγραφέας
|
| 245 |
1 |
4 |
|a The wage curve /
|c David G. Blanchflower [και] Andrew J. Oswald.
|
| 260 |
|
|
|a Cambridge :
|b The MIT Press,
|c 1994.
|
| 300 |
|
|
|a xii, 481 σ. :
|b εικ. ;
|c 24 εκ.
|
| 504 |
|
|
|a Περιλαμβάνει βιβλιογραφία και ευρετήριο.
|
| 650 |
|
4 |
|a Ανεργία
|9 805
|
| 650 |
|
4 |
|a Μισθοί και ημερομίσθια
|9 166968
|x Στατιστική
|
| 700 |
1 |
|
|a Oswald, Andrew J.
|9 144814
|e συγγραφέας
|
| 942 |
|
|
|2 ddc
|c BK15
|
| 952 |
|
|
|0 0
|1 0
|2 ddc
|4 0
|6 331_210000000000000_BLA
|7 0
|9 180491
|a LISP
|b LISP
|c BSC
|d 2016-04-24
|i 041058
|l 0
|o 331.21 BLA
|p 025000047634
|r 2016-04-24 00:00:00
|t 1
|y BK15
|
| 952 |
|
|
|0 0
|1 0
|2 ddc
|4 0
|6 331_210000000000000_BLA
|7 0
|9 321845
|a MSLG
|b MSLG
|c BSC
|d 2021-01-23
|e 24
|f 0
|g 0.00
|l 0
|o 331.21 BLA
|p 2420000015195
|r 2021-01-23 00:00:00
|t 1
|w 2021-01-23
|y BK15
|x 19991111 0 1
|x GrPaTEI
|
| 998 |
|
|
|c ΔΡΑΚΟΠΟΥΛΟΥ
|d 1999-02
|
| 999 |
|
|
|c 111596
|d 111596
|